<?xml version="1.0" encoding="UTF-8"?>
<resp>
  <nextPage>https://data.bn.org.pl/api/networks/bibs.marcxml?marc=001+b0000005486026&amp;sinceId=5486027</nextPage>
  <collection>
    <record xmlns='http://www.loc.gov/MARC21/slim'><leader>02705nam a2200685 i 4500</leader><controlfield tag='001'>b0000005486026</controlfield><controlfield tag='005'>20241203214102.7</controlfield><controlfield tag='008'>170322s1771    pl           |000 0 pol  </controlfield><controlfield tag='009'>9910312566005606</controlfield><datafield ind1=' ' ind2=' ' tag='026'><subfield code='a'>k.a- m.e-</subfield><subfield code='b'>cha- trni (3)</subfield><subfield code='c'>1771 (A)</subfield><subfield code='5'>WA N</subfield></datafield><datafield ind1=' ' ind2=' ' tag='035'><subfield code='a'>991005905339705066</subfield></datafield><datafield ind1=' ' ind2=' ' tag='035'><subfield code='a'>(PL-WaBN)b5486026x-48omnis_nlop</subfield></datafield><datafield ind1=' ' ind2=' ' tag='035'><subfield code='a'>b5486026x</subfield></datafield><datafield ind1=' ' ind2=' ' tag='035'><subfield code='a'>(OCoLC)1042412946</subfield></datafield><datafield ind1=' ' ind2=' ' tag='035'><subfield code='a'>(PL)b0000005486026</subfield></datafield><datafield ind1=' ' ind2=' ' tag='040'><subfield code='a'>WA N</subfield><subfield code='c'>WA N</subfield><subfield code='d'>WA N</subfield></datafield><datafield ind1='1' ind2=' ' tag='041'><subfield code='a'>pol</subfield><subfield code='h'>fre</subfield></datafield><datafield ind1=' ' ind2=' ' tag='046'><subfield code='k'>1771</subfield></datafield><datafield ind1='1' ind2=' ' tag='100'><subfield code='a'>Mably, Gabriel Bonnot de</subfield><subfield code='d'>(1709-1785)</subfield><subfield code='e'>Autor</subfield></datafield><datafield ind1='1' ind2='0' tag='245'><subfield code='a'>Uwagi nad historyą grecką czyli o przyczynach pomyslności y nieszczęscia Grekow /</subfield><subfield code='c'>po francusku napisane od pana De-Mably ; a z francuskiego na polski ięzyk przetłomaczone przez A. K* * *.</subfield></datafield><datafield ind1='3' ind2=' ' tag='246'><subfield code='a'>Uwagi nad historią grecką</subfield></datafield><datafield ind1='1' ind2=' ' tag='246'><subfield code='i'>Tytuł oryginału:</subfield><subfield code='a'>Observations sur l&apos;histoire de la Grèce</subfield></datafield><datafield ind1=' ' ind2=' ' tag='260'><subfield code='a'>Warszawa :</subfield><subfield code='b'>nakładem Michała Grela,</subfield><subfield code='c'>[po 14 VI] 1771.</subfield></datafield><datafield ind1=' ' ind2=' ' tag='300'><subfield code='a'>XV, 268 stron, [1] karta ;</subfield><subfield code='c'>8°.</subfield></datafield><datafield ind1=' ' ind2=' ' tag='336'><subfield code='a'>Tekst</subfield><subfield code='b'>txt</subfield><subfield code='2'>rdacontent</subfield></datafield><datafield ind1=' ' ind2=' ' tag='337'><subfield code='a'>Bez urządzenia pośredniczącego</subfield><subfield code='b'>n</subfield><subfield code='2'>rdamedia</subfield></datafield><datafield ind1=' ' ind2=' ' tag='338'><subfield code='a'>Wolumin</subfield><subfield code='b'>nc</subfield><subfield code='2'>rdacarrier</subfield></datafield><datafield ind1=' ' ind2=' ' tag='380'><subfield code='a'>Książki</subfield></datafield><datafield ind1=' ' ind2=' ' tag='380'><subfield code='a'>Starodruki</subfield></datafield><datafield ind1='1' ind2=' ' tag='388'><subfield code='a'>1701-1800</subfield></datafield><datafield ind1=' ' ind2=' ' tag='500'><subfield code='a'>Dedykacja tłumacza: ,,Do Wielmoznego Jego MCi Pana Jana Nepomucena Kamienskiego Starosty Lubeckiego&quot;.</subfield></datafield><datafield ind1='4' ind2=' ' tag='510'><subfield code='a'>Estr. XV-XVIII,</subfield><subfield code='c'>XXII, 4.</subfield></datafield><datafield ind1=' ' ind2='7' tag='651'><subfield code='a'>Starożytna Grecja</subfield><subfield code='2'>DBN</subfield></datafield><datafield ind1=' ' ind2='7' tag='655'><subfield code='a'>Dedykacje</subfield><subfield code='2'>DBN</subfield></datafield><datafield ind1=' ' ind2='7' tag='655'><subfield code='a'>Opracowanie</subfield><subfield code='2'>DBN</subfield></datafield><datafield ind1=' ' ind2=' ' tag='658'><subfield code='a'>Historia</subfield></datafield><datafield ind1='1' ind2=' ' tag='700'><subfield code='a'>Kamieński, Bartłomiej</subfield><subfield code='d'>(1737-1781)</subfield><subfield code='e'>Tłumaczenie</subfield></datafield><datafield ind1='1' ind2=' ' tag='700'><subfield code='a'>Gröll, Michał</subfield><subfield code='d'>(1722-1798)</subfield><subfield code='e'>Druk</subfield></datafield><datafield ind1='1' ind2=' ' tag='700'><subfield code='a'>Kamieński, Jan Nepomucen</subfield><subfield code='d'>(17..- )</subfield></datafield><datafield ind1=' ' ind2=' ' tag='752'><subfield code='a'>Polska</subfield><subfield code='d'>Warszawa.</subfield></datafield><datafield ind1=' ' ind2=' ' tag='852'><subfield code='b'>48OMNIS_NLOP</subfield><subfield code='8'>991005905339705066</subfield></datafield><datafield ind1=' ' ind2=' ' tag='852'><subfield code='8'>22546708840005066</subfield><subfield code='j'>1</subfield><subfield code='h'>SD XVIII.1.1503</subfield><subfield code='b'>BN_PL</subfield><subfield code='p'>777i52975976</subfield><subfield code='c'>bstdr</subfield></datafield><datafield ind1=' ' ind2=' ' tag='852'><subfield code='8'>22546708750005066</subfield><subfield code='j'>1</subfield><subfield code='h'>SD W.1.1974</subfield><subfield code='b'>BN_PL</subfield><subfield code='p'>777i54766643</subfield><subfield code='c'>bstdr</subfield></datafield><datafield ind1=' ' ind2=' ' tag='852'><subfield code='b'>48OMNIS_NETWORK</subfield><subfield code='8'>9910312566005606</subfield></datafield><datafield ind1=' ' ind2=' ' tag='950'><subfield code='u'>https://eu05.alma.exlibrisgroup.com/view/uresolver/48OMNIS_NETWORK/openurl?u.ignore_date_coverage=true&amp;portfolio_pid=53714006920005066&amp;Force_direct=true</subfield><subfield code='z'>Zobacz w Polonie: egzemplarz SD W.1.1974</subfield><subfield code='8'>53714006920005066</subfield></datafield></record>
  </collection>
</resp>
